ARRUPE JESUIT UNIVERSITY

CORONAVIRUS -STOP THE SPREAD - CLEAN,DISINFECT,COVER

The resurrection narratives of the Synoptic Gospels / (Record no. 128351)

MARC details
000 -LEADER
fixed length control field 00982cam a2200277 a 4500
001 - CONTROL NUMBER
control field 1905821
003 - CONTROL NUMBER IDENTIFIER
control field ARRUPE
005 - DATE AND TIME OF LATEST TRANSACTION
control field 20181009115751.0
008 - FIXED-LENGTH DATA ELEMENTS--GENERAL INFORMATION
fixed length control field 840713s1984 enk b 000 0 eng
010 ## - LIBRARY OF CONGRESS CONTROL NUMBER
LC control number 84185939
020 ## - INTERNATIONAL STANDARD BOOK NUMBER
International Standard Book Number 0225664011 (pbk.) :
Terms of availability £4.50
040 ## - CATALOGING SOURCE
Original cataloging agency DLC
Transcribing agency DLC
Modifying agency DLC
050 00 - LIBRARY OF CONGRESS CALL NUMBER
Classification number BT481
Item number .H498
082 00 - DEWEY DECIMAL CLASSIFICATION NUMBER
Classification number 226/.06
Edition number 19
300 ## - PHYSICAL DESCRIPTION
Dimensions 22 cm.
100 1# - MAIN ENTRY--PERSONAL NAME
Personal name Hendrickx, Herman.
9 (RLIN) 35556
245 14 - TITLE STATEMENT
Title The resurrection narratives of the Synoptic Gospels /
Statement of responsibility, etc Herman Hendrickx.
260 ## - PUBLICATION, DISTRIBUTION, ETC. (IMPRINT)
Place of publication, distribution, etc Philippines :
Name of publisher, distributor, etc East Asian Pastoral Institute,
Date of publication, distribution, etc 1978.
300 ## - PHYSICAL DESCRIPTION
Extent 159 p. ;
600 00 - SUBJECT ADDED ENTRY--PERSONAL NAME
Personal name Jesus Christ
General subdivision Resurrection
9 (RLIN) 1524
800 1# - SERIES ADDED ENTRY--PERSONAL NAME
Personal name Hendrickx, Herman.
Title of a work Studies in the Synoptic Gospels.
9 (RLIN) 42840
906 ## - LOCAL DATA ELEMENT F, LDF (RLIN)
a 7
b cbc
c orignew
d 3
e ncip
f 19
g y-gencatlg
942 ## - ADDED ENTRY ELEMENTS (KOHA)
Source of classification or shelving scheme Library of Congress Classification
Koha item type Monograph ( Printed materials)
Holdings
Withdrawn status Lost status Source of classification or shelving scheme Damaged status Not for loan Collection code Home library Current library Shelving location Date acquired Total Checkouts Full call number Barcode Date last seen Price effective from Koha item type
    Library of Congress Classification     Main Collection ARRUPE LIBRARY ARRUPE LIBRARY Main Collection 09/10/2018   BT481 .H498 46600002909 09/10/2018 09/10/2018 Monograph ( Printed materials)

 

Arrupe Library. PO Box MP320 Mt Pleasant, Harare, Zimbabwe
263 242 745411|librarian@aju.ac.zw